| 000 | 00342nam a2200133Ia 4500 | ||
|---|---|---|---|
| 008 | 240624s9999 xx 000 0 und d | ||
| 041 | _aeng | ||
| 082 | _a823 GLA | ||
| 100 | _aGLADWELL MALCOLM | ||
| 245 | _aDAVID AND GOLIATH UNDERDOGS MISFITS AND | ||
| 260 |
_c2013 _aNew Delhi _bPenguin Books India |
||
| 300 | _a320 : p. | ||
| 365 |
_cRS _b25 |
||
| 999 |
_c23627 _d23627 |
||